North American Sports League Venues - Statistics

General Stats
  • This quiz has been taken 27 times
  • The average score is 22 of 122
Answer Stats
League Arena/Stadium Team(s) % Correct
NHL Ball Arena Colorado Avalanche
47%
NBA Ball Arena Denver Nuggets
47%
MLB Chase Field Arizona Diamondbacks
47%
MLB Citi Field New York Mets
47%
MLB Busch Stadium St. Louis Cardinals
40%
MLB Dodger Stadium Los Angeles Dodgers
40%
MLB Fenway Park Boston Red Sox
40%
NHL Madison Square Garden New York Rangers
40%
NBA Madison Square Garden New York Knicks
40%
NHL American Airlines Center Dallas Stars
33%
NBA American Airlines Center Dallas Mavericks
33%
NHL Bell Centre Montreal Canadiens
33%
MLB Comerica Park Detroit Tigers
33%
NHL Crypto.com Arena Los Angeles Kings
33%
NBA Crypto.com Arena Los Angeles Lakers
33%
NHL Little Caesars Arena Detroit Red Wings
33%
NBA Little Caesars Arena Detroit Pistons
33%
MLB Loan Depot Park Miami Marlins
33%
MLB Oracle Park San Francisco Giants
33%
MLB Rogers Centre Toronto Blue Jays
33%
NHL Amerant Bank Arena Florida Panthers
27%
NFL AT&T Stadium Dallas Cowboys
27%
NHL Bridgestone Arena Nashville Predators
27%
NHL Capital One Arena Washington Capitals
27%
NBA Capital One Arena Washington Wizards
27%
MLB Citizens Bank Park Philadelphia Phillies
27%
MLB Coors Field Colorado Rockies
27%
NFL Gillette Stadium New England Patriots
27%
MLB Globe Life Field Texas Rangers
27%
MLB Nationals Park Washington Nationals
27%
MLB Yankee Stadium New York Yankees
27%
MLB American Family Field Milwaukee Brewers
20%
MLB Angel Stadium Los Angeles Angels
20%
NHL Canadian Tire Centre Ottawa Senators
20%
NHL Climate Pledge Arena Seattle Kraken
20%
MLB Daikin Park Houston Astros
20%
NHL Delta Center Utah Mammoth
20%
NBA Delta Center Utah Jazz
20%
NFL Ford Field Detroit Lions
20%
MLB Great American Ball Park Cincinnati Reds
20%
NFL Hard Rock Stadium Miami Dolphins
20%
NHL Honda Center Anaheim Ducks
20%
MLB Kauffman Stadium Kansas City Royals
20%
NFL Lincoln Financial Field Philadelphia Eagles
20%
NFL Lumen Field Seattle Seahawks
20%
NFL Mercedes-Benz Stadium Atlanta Falcons
20%
NHL PPG Paints Arena Pittsburgh Penguins
20%
MLB Rate Field Chicago White Sox
20%
NHL Rogers Arena Vancouver Canucks
20%
NHL Rogers Place Edmonton Oilers
20%
NHL Scotiabank Arena Toronto Maple Leafs
20%
NBA Scotiabank Arena Toronto Raptors
20%
MLB Target Field Minnesota Twins
20%
NHL T-Mobile Arena Vegas Golden Knights
20%
MLB T-Mobile Park Seattle Mariners
20%
MLB Truist Park Atlanta Braves
20%
NFL US Bank Stadium Minnesota Vikings
20%
MLB Wrigley Field Chicago Cubs
20%
NFL Allegiant Stadium Las Vegas Raiders
13%
NFL Arrowhead Stadium Kansas City Chiefs
13%
NHL Benchmark International Arena Tampa Bay Lightning
13%
NBA Chase Center Golden State Warriors
13%
NFL Empower Field at Mile High Denver Broncos
13%
NHL Grand Casino Arena Minnesota Wild
13%
NBA Kaseya Center Miami Heat
13%
NFL Lambeau Field Green Bay Packers
13%
NFL Levi's Stadium San Francisco 49ers
13%
NFL MetLife Stadium New York Giants/New York Jets
13%
NHL Nationwide Arena Columbus Blue Jackets
13%
MLB Oriole Park at Camden Yards Baltimore Orioles
13%
MLB Petco Park San Diego Padres
13%
MLB PNC Park Pittsburgh Pirates
13%
NHL Prudential Center New Jersey Devils
13%
NHL SAP Center San Jose Sharks
13%
NFL SoFi Stadium Los Angeles Rams/Los Angeles Chargers
13%
NBA State Farm Arena Atlanta Hawks
13%
MLB Sutter Health Park Athletics
13%
NBA Target Center Minnesota Timberwolves
13%
NHL TD Garden Boston Bruins
13%
NBA TD Garden Boston Celtics
13%
NBA Toyota Center Houston Rockets
13%
NHL United Center Chicago Blackhawks
13%
NBA United Center Chicago Bulls
13%
NHL Xfinity Mobile Arena Philadelphia Flyers
13%
NBA Xfinity Mobile Arena Philadelphia 76ers
13%
NFL Acrisure Stadium Pittsburgh Steelers
7%
NFL Bank of America Stadium Carolina Panthers
7%
NBA Barclays Center Brooklyn Nets
7%
NFL Caesars Superdome New Orleans Saints
7%
NHL Canada Life Centre Winnipeg Jets
7%
NHL Enterprise Center St. Louis Blues
7%
NFL Ever Bank Stadium Jacksonville Jaguars
7%
NBA FedEx Forum Memphis Grizzlies
7%
NBA Fiserv Forum Milwaukee Bucks
7%
NBA Frost Bank Center San Antonio Spurs
7%
NBA Gainbridge Fieldhouse Indiana Pacers
7%
MLB George M. Steinbrenner Field Tampa Bay Rays
7%
NBA Golden 1 Center Sacramento Kings
7%
NFL Highmark Stadium Buffalo Bills
7%
NFL Huntington Bank Field Cleveland Browns
7%
NBA Intuit Dome Los Angeles Clippers
7%
NHL KeyBank Center Buffalo Sabres
7%
NBA Kia Center Orlando Magic
7%
NHL Lenovo Center Carolina Hurricanes
7%
NFL Lucas Oil Stadium Indianapolis Colts
7%
NBA Moda Center Portland Trail Blazers
7%
NBA Mortgage Matchup Center Phoenix Suns
7%
NFL M&T Bank Stadium Baltimore Ravens
7%
NFL Nissan Stadium Tennessee Titans
7%
NFL Northwest Stadium Washington Commanders
7%
NFL NRG Stadium Houston Texans
7%
NBA Paycom Center Oklahoma City Thunder
7%
NFL Paycor Center Cincinatti Bengals
7%
MLB Progressive Field Cleveland Guardians
7%
NFL Raymond James Stadium Tampa Bay Bucanneers
7%
NBA Rocket Arena Cleveland Cavaliers
7%
NHL Scotiabank Saddledome Calgary Flames
7%
NBA Smoothie King Center New Orleans Pelicans
7%
NFL Soldier Stadium Chicago Bears
7%
NBA Spectrum Center Charlotte Hornets
7%
NFL State Farm Stadium Arizona Cardinals
7%
NHL UBS Arena New York Islanders
7%
No matching quizzes found
Score Distribution
Percent of People with Each Score
Percentile by Number Answered
Your Score History
You have not taken this quiz